Tréning vybraných kompetencií študenta cudzích jazykov na príklade stratégie výučby prekladu

Súhrn kompetencií, ktorými by mal podľa názoru autorky absolvent odboru cudzie jazyky a kultúry disponovať. Popis konkrétnych kompetencií: kritické myslenie, kreativita, počítačové zručnosti, vysoká úroveň ovládania spisovného jazyka.

Gespeichert in:
Bibliographische Detailangaben
1. Verfasser: Vargová, Dominika, 1987-
Format: Buchkapitel
Sprache:Slowakisch
Schlagworte:
Tags: Tag hinzufügen
Keine Tags, Fügen Sie das erste Tag hinzu!

MARC

LEADER 00000naa$a2200000$$$4500
001 0261420
005 20240502083750.1
041 0 |a slo 
044 |a CZ 
245 1 0 |a Tréning vybraných kompetencií študenta cudzích jazykov na príklade stratégie výučby prekladu  |c Dominika Vargová 
520 |a Súhrn kompetencií, ktorými by mal podľa názoru autorky absolvent odboru cudzie jazyky a kultúry disponovať. Popis konkrétnych kompetencií: kritické myslenie, kreativita, počítačové zručnosti, vysoká úroveň ovládania spisovného jazyka. 
610 2 0 |a vzdelávanie 
610 2 0 |a jazyky cudzie 
610 2 0 |a kompetencie 
610 2 0 |a kreativita 
610 2 0 |a študenti 
100 1 |a Vargová, Dominika, 1987-